000 00902nas a2200301 4500
001 BR9511098
003 BR-BrBNA
005 20231205095557.0
007 ta
008 230509b bl.|||p| |||| 00| 00por d
040 _aBR-BrBNA
_bpor
_cBiblioteca Nacional de Agricultura
041 _a(Pt)
072 _aL73
100 1 _aGirotto, A.F.
100 1 _aSobestiansky, J.
100 1 _aLignon, G.B.
100 1 _aFaccini, J.L.H.
100 1 _aMezacasa, M.L.
245 1 _aSarna sarcoptica dos suinos; 2: avaliacao economica de estrategias alternativas no controle
650 _aSUÍNO
650 _aSarna Sarcoptica
650 _aAcaricida
650 _aPulverizacao
650 _aControle Quimico
773 0 _tPesquisa Agropecuaria Brasileira (Brazil)
_xISSN 0100-204X
_g(Jan 1995), v. 30(1) p. 125-129
_wBR9511098
909 _a202311
_bLúcia
_c55
_dLúcia Elande
942 _2AGRIS
_n0
_cANA
999 _c151473
_d151473